| 000 | 01278nam0a22003011 4500 | ||
|---|---|---|---|
| 001 | v19\rc\1299903 | ||
| 005 | 20250618020948.0 | ||
| 035 | _a(NLR Aleph) 004445625 | ||
| 090 |
_a4444656 _c4444656 |
||
| 100 | _a20060306d1866 |||y0rusy50 ca | ||
| 101 | 0 | _arus | |
| 102 | _aRU | ||
| 105 | _ay z ||||| | ||
| 200 | 1 | _aИстория и древности третьеклассного Троицкого Зеленецкого монастыря С.-Петербургской епархии с приложением записи достопамятных событий, по преставлении преподобного Мартирия в нем совершившихся | |
| 210 |
_aСанкт-Петербург _cтип. Дома призрения малолет. бедных _d1866 |
||
| 215 |
_a62 с. _d20 |
||
| 702 | 0 |
_aМартирий Зеленецкий _cсв. _f-1603 _4570 |
|
| 712 | 0 | 2 |
_aТроицкий Зеленецкий мужской монастырь _cПетерб. губ. |
| 801 | 0 |
_aRU _bNLR _gpsbo |
|
| 801 | 0 |
_aRU _bRuMoRGB _2psbo |
|
| 801 | 1 |
_aRU _bProSoft-M _2rusmarc |
|
| 852 |
_aNLR _j18.94.4.520 |
||
| 899 |
_aRuMoRGB _jF 80/39 |
||
| 899 | _aБАН | ||
| 899 | _aНБ СПбГУ | ||
| 899 | _aГПИБ | ||
| 942 | _cBOOK | ||
| 980 | _aNB | ||